Textbook of disorders and injuries of the musculoskeletal system : (Record no. 881)

000 -LEADER
fixed length control field 01539nam a22004217a 4500
001 - CONTROL NUMBER
control field 444472
003 - CONTROL NUMBER IDENTIFIER
control field OSt
005 - DATE AND TIME OF LATEST TRANSACTION
control field 20210426100121.0
008 - FIXED-LENGTH DATA ELEMENTS--GENERAL INFORMATION
fixed length control field 821109s1983 mdua b 001 0 eng
010 ## - LIBRARY OF CONGRESS CONTROL NUMBER
LC control number 82021728
020 ## - INTERNATIONAL STANDARD BOOK NUMBER
International Standard Book Number 0683075004
040 ## - CATALOGING SOURCE
Original cataloging agency eng
Transcribing agency DLC
Modifying agency eng
Language of cataloging eng
041 ## - LANGUAGE CODE
Language code of text/sound track or separate title eng
050 10 - LIBRARY OF CONGRESS CALL NUMBER
Classification number RC925
Item number .S2 1983
060 ## - NATIONAL LIBRARY OF MEDICINE CALL NUMBER
Classification number WE 140 S177t
080 ## - UNIVERSAL DECIMAL CLASSIFICATION NUMBER
Universal Decimal Classification number 617.3
Item number S-17
082 00 - DEWEY DECIMAL CLASSIFICATION NUMBER
Classification number 616.7
Edition number 19
100 1# - MAIN ENTRY--PERSONAL NAME
Personal name Salter, Robert Bruce.
245 10 - TITLE STATEMENT
Title Textbook of disorders and injuries of the musculoskeletal system :
Remainder of title an introduction to orthopaedics, fractures and joint injuries, rheumatology, metabolic bone disease, and rehabilitation /
Statement of responsibility, etc. / by: Williams & Wilkins
250 ## - EDITION STATEMENT
Edition statement 2nd edition
260 ## - PUBLICATION, DISTRIBUTION, ETC.
Place of publication, distribution, etc. Baltimore :
Name of publisher, distributor, etc. Williams & Wilkins
Date of publication, distribution, etc. c1983.
300 ## - PHYSICAL DESCRIPTION
Extent xvii, 578 p. :
Other physical details ill. ;
Dimensions 26 cm.
504 ## - BIBLIOGRAPHY, ETC. NOTE
Bibliography, etc. note Includes bibliographical references and index.
650 #0 - SUBJECT ADDED ENTRY--TOPICAL TERM
Topical term or geographic name entry element Musculoskeletal system
General subdivision Diseases.
650 #0 - SUBJECT ADDED ENTRY--TOPICAL TERM
Topical term or geographic name entry element Orthopedics
9 (RLIN) 635
650 #0 - SUBJECT ADDED ENTRY--TOPICAL TERM
Topical term or geographic name entry element Musculoskeletal system
General subdivision Wounds and injuries.
650 #2 - SUBJECT ADDED ENTRY--TOPICAL TERM
Topical term or geographic name entry element Bone diseases.
650 #2 - SUBJECT ADDED ENTRY--TOPICAL TERM
Topical term or geographic name entry element Joint diseases.
650 #2 - SUBJECT ADDED ENTRY--TOPICAL TERM
Topical term or geographic name entry element Muscular diseases.
650 #2 - SUBJECT ADDED ENTRY--TOPICAL TERM
Topical term or geographic name entry element Orthopedics.
650 #2 - SUBJECT ADDED ENTRY--TOPICAL TERM
Topical term or geographic name entry element Rehabilitation.
653 ## - INDEX TERM--UNCONTROLLED
Uncontrolled term ორთოპედია
653 ## - INDEX TERM--UNCONTROLLED
Uncontrolled term საყრდენ-მამოძრავებელი სისტემა
653 ## - INDEX TERM--UNCONTROLLED
Uncontrolled term სახსრების დაავადებები
653 ## - INDEX TERM--UNCONTROLLED
Uncontrolled term ძვლების დაავადებები
906 ## - LOCAL DATA ELEMENT F, LDF (RLIN)
a 7
b cbc
c orignew
d 1
e ocip
f 19
g y-gencatlg
942 ## - ADDED ENTRY ELEMENTS (KOHA)
Source of classification or shelving scheme
Koha item type Books
Edition 2
Holdings
Withdrawn status Lost status Source of classification or shelving scheme Damaged status Not for loan Permanent location Current location Date acquired Inventory number Total Checkouts Full call number Barcode Date last seen Price effective from Koha item type
          Ken Walker International University Ken Walker International University 12/29/2020 2352   617.3 S-17 2352 12/29/2020 12/29/2020 Books

Powered by Koha